Korespondence a dokumenty. Sv. 4, Korespondence odeslaná 1896-1904 /

Hlavní autor: Dvořák, Antonín, 1841-1904
Další autoři: Kuna, Milan, 1932-, Bradová, Ludmila
Jazyk: Čeština
Vydáno: Praha : Bärenreiter Editio Supraphon, 1995
Vydání: 1. vyd.
Témata:
Externí odkaz: Digitalizovaný dokument
Fyzický popis: 407 s. ; 24 cm
Knihy
Uloženo v:
LEADER 01787nam a2200469 a 4500
001 000178508
003 CZ BrMZK
005 20090219125827.0
008 970107s1995 xr f idcze d
015 |a cnb000118339 
020 |a 80-7058-336-3 
035 |a (OCoLC)37962556 
040 |a BOA001  |b cze 
043 |a e-xr--- 
045 |a w-x- 
080 |a 929  |2 MRF 
080 |a 78.071.1  |2 MRF 
080 |a 78  |2 MRF 
080 |a (437.3)  |2 MRF 
080 |a (044)  |2 MRF 
080 |a (093)  |2 MRF 
080 |a (0.027)  |2 MRF 
100 1 |a Dvořák, Antonín,  |d 1841-1904  |7 jn19981000826  |4 aut 
245 1 0 |a Korespondence a dokumenty.  |n Sv. 4,  |p Korespondence odeslaná 1896-1904 /  |c Antonín Dvořák ; za vedení a redakce Milana Kuny zpracovali Ludmila Bradová, ... [et al.] : kritické vydání 
246 3 0 |a Korespondence odeslaná 1896-1904 
250 |a 1. vyd. 
260 |a Praha :  |b Bärenreiter Editio Supraphon,  |c 1995 
300 |a 407 s. ;  |c 24 cm 
500 |a Text též něm., angl. 
600 1 7 |a Dvořák, Antonín,  |d 1841-1904  |7 jn19981000826  |2 czenas 
648 4 |a 19.-20. stol. 
650 0 7 |a hudební skladatelé  |7 ph120923  |z Česko  |y 19.-20. stol.  |2 czenas 
650 0 7 |a hudba  |7 ph114719  |z Česko  |y 19.-20. stol.  |2 czenas 
655 7 |a korespondence  |7 fd132681  |2 czenas 
655 7 |a dokumenty  |7 fd132064  |2 czenas 
655 7 |a kritická vydání  |7 fd249727  |2 czenas 
700 1 |a Kuna, Milan,  |d 1932-  |7 jk01070854  |4 com  |4 lso 
700 1 |a Bradová, Ludmila  |7 jn20001227235  |4 com 
856 4 1 |u http://www.digitalniknihovna.cz/mzk/uuid/uuid:95a1c500-e424-11e4-82a1-005056827e52  |y Digitalizovaný dokument  |x NDK 
910 |a BOA001  |b PK-0108.281,4 
990 |a BK 
996 7 |b 3119007868  |c PK-0108.281,4  |l MZK  |r Sklad / do 1 hodiny  |n 4  |p kup  |w 000178508  |u 000010  |a 1  |e BOA001  |j MZK50  |s A